000 01094nam a2200277ui 4500
005 20210818182304.0
008 070305s2007 ck a jr 001 0 spa d
020 _a9789583025419
040 _aCOMFC
_bspa
_erda
041 1 _aspa
_heng
100 1 _aDavies, Valerie.
_eaut
245 1 0 _aCriaturas asesinas /
_cValerie Davies ; traducción Diana Esperanza Gómez ; ilustraciones Stuart Jackson.
264 0 1 _aBogotá :
_bPanamericana Editorial,
_c2007.
300 _a28 páginas :
_bilustraciones en color ;
_c23 cm.
336 _2rdacontent
_atxt
337 _2rdamedia
_an
338 _2rdacarrier
_anc
500 _aIncluye índice
505 0 0 _tTiburones ;
_tLobos y perros salvajes ;
_tCocodrílios ;
_tFelinos ;
_tCriaturas venenosas ;
700 1 _aGomez, Diana Esperanza
_etrl
_948992
700 1 2 _aJackson, Stuart,
_eill
082 0 4 _a591.65
_bD255c
650 _aAnimales peligrosos
_v Literatura juvenil.
650 1 4 _aAnimales venenosos
_v Literatura juvenil.
942 _2ddc
_h591.65 D255c
_k591.65
_mD255c
999 _c15397
_d15397